000 00520nam a22001577a 4500
003 NUST - PNEC
005 20170116181133.0
008 151006b xxu||||| |||| 00| 0 eng d
040 _cLIBRARY
082 _a658.16 MIL
100 _914115
_a Milward, G. E.
245 _a Large-scale organisation,
_ba first-hand account of the day-to-day organisation and management of large industrial undertakings and public services
_cG. E. Milward
260 _c1950
650 _914117
_aOrganization
_xGeneral
942 _2ddc
_cBK
999 _c70093
_d70093